Sarah, plain and tall / (Record no. 5036)
[ view plain ]
| 000 -LEADER | |
|---|---|
| fixed length control field | 01326cam a2200385 a 4500 |
| 001 - CONTROL NUMBER | |
| control field | 96736 |
| 003 - CONTROL NUMBER IDENTIFIER | |
| control field | GBCCL |
| 005 - DATE AND TIME OF LATEST TRANSACTION | |
| control field | 20241126110532.0 |
| 008 - FIXED-LENGTH DATA ELEMENTS--GENERAL INFORMATION | |
| fixed length control field | 841019s1985 nyu j 000 1 eng |
| 010 ## - | |
| -- | 83049481 |
| 020 ## - INTERNATIONAL STANDARD BOOK NUMBER | |
| International Standard Book Number | 0060241012 : |
| Terms of availability | $11.95 |
| 020 ## - INTERNATIONAL STANDARD BOOK NUMBER | |
| International Standard Book Number | 0060241020 (lib. bdg.) : |
| Terms of availability | $10.89 |
| 020 ## - INTERNATIONAL STANDARD BOOK NUMBER | |
| International Standard Book Number | 0064471497 |
| 035 ## - SYSTEM CONTROL NUMBER | |
| System control number | (OCoLC)ocm11372082 |
| 040 ## - CATALOGING SOURCE | |
| Original cataloging agency | DLC |
| Transcribing agency | DLC |
| Modifying agency | CLE |
| 042 ## - | |
| -- | lcac |
| 049 ## - | |
| -- | LBBI |
| -- | 1-3 |
| 050 00 - | |
| -- | PZ7.M2225 |
| -- | Sar 1985 |
| 051 ## - | |
| -- | PZ7.M2225 |
| -- | Sar 1985b |
| -- | Another issue. Harpercrest library binding. |
| 082 00 - DEWEY DECIMAL CLASSIFICATION NUMBER | |
| Classification number | 813.54 |
| Edition information | 19 |
| Item number | MAC |
| 099 ## - LOCAL FREE-TEXT CALL NUMBER (OCLC) | |
| Classification number | M22s |
| 100 1# - MAIN ENTRY--PERSONAL NAME | |
| Personal name | MacLachlan, Patricia. |
| 9 (RLIN) | 9087 |
| 245 10 - TITLE STATEMENT | |
| Title | Sarah, plain and tall / |
| Statement of responsibility, etc. | Patricia MacLachlan. |
| 250 ## - EDITION STATEMENT | |
| Edition statement | 1st ed. |
| 260 ## - PUBLICATION, DISTRIBUTION, ETC. | |
| Place of publication, distribution, etc. | New York : |
| Name of publisher, distributor, etc. | Harper & Row, |
| Date of publication, distribution, etc. | c1985. |
| 300 ## - PHYSICAL DESCRIPTION | |
| Extent | 58 p. ; |
| Dimensions | 21 cm. |
| 500 ## - GENERAL NOTE | |
| General note | "A Charlotte Zolotow book." |
| 500 ## - GENERAL NOTE | |
| General note | Sequel: Skylark. |
| 520 ## - SUMMARY, ETC. | |
| Summary, etc. | When their father invites a mail-order bride to come live with them in their prairie home, Caleb and Anna are captivated by their new mother and hope that she will stay. |
| 586 ## - | |
| -- | Newbery Medal |
| 650 #0 - SUBJECT ADDED ENTRY--TOPICAL TERM | |
| Topical term or geographic name entry element | Witting family (Fictitious characters) |
| Form subdivision | Juvenile fiction. |
| 9 (RLIN) | 9088 |
| 650 #0 - SUBJECT ADDED ENTRY--TOPICAL TERM | |
| Topical term or geographic name entry element | Stepmothers |
| Form subdivision | Juvenile fiction. |
| 9 (RLIN) | 9089 |
| 650 #0 - SUBJECT ADDED ENTRY--TOPICAL TERM | |
| Topical term or geographic name entry element | Frontier and pioneer life |
| Form subdivision | Juvenile fiction. |
| 9 (RLIN) | 9090 |
| 942 ## - ADDED ENTRY ELEMENTS (KOHA) | |
| Source of classification or shelving scheme | Dewey Decimal Classification |
| Koha item type | Books |
| Withdrawn status | Lost status | Source of classification or shelving scheme | Damaged status | Not for loan | Home library | Current Library | Shelving location | Date acquired | Total checkouts | Full call number | Barcode | Date last seen | Copy number | Price effective from | Koha item type |
|---|---|---|---|---|---|---|---|---|---|---|---|---|---|---|---|
| Dewey Decimal Classification | GRACE BIBLE COLLEGE | GRACE BIBLE COLLEGE | General Studies | 2018-02-22 | 813.54 MAC | 008437 | 2025-05-01 | c.1 | 2018-02-22 | Books |